000 00686nam a2200289Ia 4500
005 20260324150337.0
008 008 260324s9999 xx 000 0 eng d
020 _a9781003511649
037 _aEBOOK
040 _aCRL
040 _beng
040 _cCRL
041 _2eng
041 _aeng
084 _qCRL
100 _aK. Venkataraman
_91226097
245 0 _aStates' Finances in India
245 2 _bA Perspective Study for the Plan Periods
260 _bTaylor and Francis
260 _c1968
365 _a
365 _b145
856 _uhttp://www.taylorfrancis.com/books/9781003511649
942 _cEBOOK
999 _c1835384
_d1835384